<?xml version="1.0" encoding="UTF-8"?><?xml-stylesheet type="text/xsl" href="static/style.xsl"?><OAI-PMH xmlns="http://www.openarchives.org/OAI/2.0/" xmlns:xsi="http://www.w3.org/2001/XMLSchema-instance" xsi:schemaLocation="http://www.openarchives.org/OAI/2.0/ http://www.openarchives.org/OAI/2.0/OAI-PMH.xsd"><responseDate>2026-06-07T05:50:24Z</responseDate><request verb="GetRecord" identifier="oai:riuma.uma.es:10630/25767" metadataPrefix="marc">https://riuma.uma.es/rest/oai/request</request><GetRecord><record><header><identifier>oai:riuma.uma.es:10630/25767</identifier><datestamp>2026-02-03T10:51:11Z</datestamp><setSpec>com_10630_2254</setSpec><setSpec>col_10630_37953</setSpec></header><metadata><record xmlns="http://www.loc.gov/MARC21/slim" xmlns:dcterms="http://purl.org/dc/terms/" xmlns:doc="http://www.lyncode.com/xoai" xmlns:xsi="http://www.w3.org/2001/XMLSchema-instance" xsi:schemaLocation="http://www.loc.gov/MARC21/slim http://www.loc.gov/standards/marcxml/schema/MARC21slim.xsd">
   <leader>00925njm 22002777a 4500</leader>
   <datafield ind2=" " ind1=" " tag="042">
      <subfield code="a">dc</subfield>
   </datafield>
   <datafield ind2=" " ind1=" " tag="720">
      <subfield code="a">Frías-Blanco, Isvani</subfield>
      <subfield code="e">author</subfield>
   </datafield>
   <datafield ind2=" " ind1=" " tag="720">
      <subfield code="a">Del-Campo-Ávila, José</subfield>
      <subfield code="e">author</subfield>
   </datafield>
   <datafield ind2=" " ind1=" " tag="720">
      <subfield code="a">Ramos-Jiménez, Gonzalo Pascual</subfield>
      <subfield code="e">author</subfield>
   </datafield>
   <datafield ind2=" " ind1=" " tag="720">
      <subfield code="a">Morales-Bueno, Rafael</subfield>
      <subfield code="e">author</subfield>
   </datafield>
   <datafield ind2=" " ind1=" " tag="720">
      <subfield code="a">Ortiz-Díaz, Agustín</subfield>
      <subfield code="e">author</subfield>
   </datafield>
   <datafield ind2=" " ind1=" " tag="720">
      <subfield code="a">Caballero-Mota, Yailé</subfield>
      <subfield code="e">author</subfield>
   </datafield>
   <datafield ind2=" " ind1=" " tag="260">
      <subfield code="c">2015-03-01</subfield>
   </datafield>
   <datafield ind2=" " ind1=" " tag="520">
      <subfield code="a">Incremental and online learning algorithms are more relevant in the data mining context because of the increasing necessity to process data streams. In this context, the target function may change over time, an inherent problem of online learning (known as concept drift). In order to handle concept drift regardless of the learning model, we propose new methods to monitor the performance metrics measured during the learning process, to trigger drift signals when a significant variation has been detected. To monitor this performance, we apply some probability inequalities that assume only independent, univariate and bounded random variables to obtain theoretical guarantees for the detection of such distributional changes. Some common restrictions for the online change detection as well as relevant types of change (abrupt and gradual) are considered. Two main approaches are proposed, the first one involves moving averages and is more suitable to detect abrupt changes. The second one follows a widespread intuitive idea to deal with gradual changes using weighted moving averages. The simplicity of the proposed methods, together with the computational efficiency make them very advantageous. We use a Naïve Bayes classifier and a Perceptron to evaluate the performance of the methods over synthetic and real data.</subfield>
   </datafield>
   <datafield ind1="8" ind2=" " tag="024">
      <subfield code="a">I. Frías-Blanco, J. d. Campo-Ávila, G. Ramos-Jiménez, R. Morales-Bueno, A. Ortiz-Díaz and Y. Caballero-Mota, "Online and Non-Parametric Drift Detection Methods Based on Hoeffding’s Bounds," in IEEE Transactions on Knowledge and Data Engineering, vol. 27, no. 3, pp. 810-823, 1 March 2015, doi: 10.1109/TKDE.2014.2345382.</subfield>
   </datafield>
   <datafield ind1="8" ind2=" " tag="024">
      <subfield code="a">https://hdl.handle.net/10630/25767</subfield>
   </datafield>
   <datafield ind1="8" ind2=" " tag="024">
      <subfield code="a">10.1109/TKDE.2014.2345382</subfield>
   </datafield>
   <datafield tag="653" ind2=" " ind1=" ">
      <subfield code="a">Aprendizaje - Modelos matemáticos</subfield>
   </datafield>
   <datafield ind2="0" ind1="0" tag="245">
      <subfield code="a">Online and Non-Parametric Drift Detection Methods Based on Hoeffding’s Bounds</subfield>
   </datafield>
</record>
</metadata></record></GetRecord></OAI-PMH>